| 000 -LEADER | |
|---|---|
| fixed length control field | 01530nam a22002417a 4500 |
| 003 - CONTROL NUMBER IDENTIFIER | |
| control field | OSt |
| 005 - DATE AND TIME OF LATEST TRANSACTION | |
| control field | 20251218123230.0 |
| 008 - FIXED-LENGTH DATA ELEMENTS--GENERAL INFORMATION | |
| fixed length control field | 210304b ||||| |||| 00| 0 eng d |
| 020 ## - INTERNATIONAL STANDARD BOOK NUMBER | |
| International Standard Book Number | 9781137430359 |
| 040 ## - CATALOGING SOURCE | |
| Transcribing agency | KCST |
| 082 ## - DEWEY DECIMAL CLASSIFICATION NUMBER | |
| Classification number | 658.022 |
| Item number | Bu En |
| 100 ## - MAIN ENTRY--PERSONAL NAME | |
| Personal name | Burns, Paul |
| 9 (RLIN) | 5209 |
| 245 ## - TITLE STATEMENT | |
| Title | Entrepreneurship and small business : |
| Remainder of title | start-up, growth and maturity / |
| Statement of responsibility, etc. | Paul Burns |
| 250 ## - EDITION STATEMENT | |
| Edition statement | 4th ed. |
| 260 ## - PUBLICATION, DISTRIBUTION, ETC. | |
| Place of publication, distribution, etc. | New York : |
| Name of publisher, distributor, etc. | Palgrave Macmillan, |
| Date of publication, distribution, etc. | 2016. |
| 300 ## - PHYSICAL DESCRIPTION | |
| Extent | xliii, 540 pages ; |
| Dimensions | 28 cm |
| 505 ## - FORMATTED CONTENTS NOTE | |
| Formatted contents note | PART I: ENTREPRENEURSHIP --<br/>1. Entrepreneurship: The Social and Business Revolution --<br/>2. The Economics of Entrepreneurship and Public Policy --<br/>3. The Entrepreneurial Character --<br/>4. Discovering a Business Idea --<br/>5. Researching and Evaluating the Business Idea --<br/>PART II: START-UP --<br/>6. Start-up: Developing Your Business Model --<br/>7. Adding Values to the Business Model --<br/>8. Launching the Business --<br/>9. Legal Foundations --<br/>10. Operations and Risk --<br/>11. Financial Management --<br/>PART III: GROWTH --<br/>12. Growth: Building the Foundations --<br/>13. Strategies for Growth --<br/>14. Financing the Business --<br/>15. From Business Model to Business Plan --<br/>PART IV: MATURITY --<br/>16. Maturity: The Exit --<br/>17. Family Business --<br/>18. From Entrepreneur to Entrepreneurial Leader --<br/>19. Corporate Entrepreneurship. |
| 650 ## - SUBJECT ADDED ENTRY--TOPICAL TERM | |
| Topical term or geographic name entry element | Entrepreneurship -- Study and teaching. |
| 9 (RLIN) | 5210 |
| 650 ## - SUBJECT ADDED ENTRY--TOPICAL TERM | |
| Topical term or geographic name entry element | Business education. |
| 9 (RLIN) | 5211 |
| 650 ## - SUBJECT ADDED ENTRY--TOPICAL TERM | |
| Topical term or geographic name entry element | Small business -- Case studies. |
| 9 (RLIN) | 5212 |
| 942 ## - ADDED ENTRY ELEMENTS (KOHA) | |
| Koha item type | Course Textbook |
| Source of classification or shelving scheme | Dewey Decimal Classification |
| 942 ## - ADDED ENTRY ELEMENTS (KOHA) | |
| Source of classification or shelving scheme | Dewey Decimal Classification |
| Withdrawn status | Lost status | Source of classification or shelving scheme | Damaged status | Not for loan | Home library | Current library | Date acquired | Source of acquisition | Cost, normal purchase price | Total checkouts | Full call number | Barcode | Date last seen | Date last checked out | Price effective from | Koha item type |
|---|---|---|---|---|---|---|---|---|---|---|---|---|---|---|---|---|
| Dewey Decimal Classification | KCST Library | KCST Library | 04/03/2021 | Nouf Yaseen-KCST | 66.06 | 1 | 658.022 Bu En | 1000000752 | 25/08/2024 | 12/07/2021 | 04/03/2021 | Course Textbook |